Australian Slang Quiz - Statistics

General Stats
  • This quiz has been taken 91 times
  • The average score is 14 of 20
Answer Stats
Hint Answer % Correct
G'Day Hello
96%
Sunnies Sunglasses
93%
Arvo Afternoon
86%
Servo Service Station
85%
Sheila Woman
85%
Mozzie Mosquito
82%
Dunny Toilet
82%
Avo Avocado
81%
Noggin Head
78%
Biccie Biscuit
72%
Ta Thanks
72%
Snag Sausage
63%
Bottle-O Bottle Shop
60%
Uey U-Turn
58%
Smoko Break
57%
Piss Alcohol
56%
Accadacca AC/DC
53%
Tucker Food
53%
Onya Good on You
40%
Doona Quilt
40%
No matching quizzes found
Score Distribution
Percent of People with Each Score
Percentile by Number Answered
Your Score History
You have not taken this quiz